Osobitná úprava dane z pridanej hodnoty pre elektronické služby v Európskej únii diplomová práca

Gespeichert in:
Bibliographische Detailangaben
1. Verfasser: Tarabčíková, Kristína
Körperschaft: Fakulta hospodárskej informatiky EU. Katedra účtovníctva a audítorstva
Weitere Verfasser: Marci, Anton, 1989-
Format: Buch
Sprache:Slowakisch
Veröffentlicht: Bratislava 2020
Tags: Tag hinzufügen
Keine Tags, Fügen Sie das erste Tag hinzu!

MARC

LEADER 00000nbm a2200000 4500
001 0266678
005 20210501141955.4
041 0 |a slo 
044 |a SK 
245 1 0 |a Osobitná úprava dane z pridanej hodnoty pre elektronické služby v Európskej únii  |b diplomová práca  |c Kristína Tarabčíková ; školiteľ: Anton Marci 
264 1 |a Bratislava  |c 2020 
300 |a 68 s. 
100 1 |a Tarabčíková, Kristína 
700 1 |a Marci, Anton, 1989- 
710 2 |a Fakulta hospodárskej informatiky EU. Katedra účtovníctva a audítorstva